• 首页
  • 本馆介绍
  • 公告通知
  • 最新文献
  • 馆藏检索
  • 电子资源
  • 读者导购
  • 参考咨询
  • 我的图书馆
  • 登录
  • 详细信息显示
  • 放入我的书架
  • 预约/预借图书
  • 作者相关作品
  • 分类相关作品
  • 丛书相关作品
  • 出版社相关作品

书目信息

  • 表格格式
  • 工作单格式
  • 卡片格式
题名:
化学与物理电源
    
 
作者: 汪继强 主编
分册:  
出版信息: 北京   国防工业出版社  2008
页数: 22,250页
开本: 26cm
丛书名: 现代电子信息技术丛书
单 册:
中图分类: TM91
科图分类:
主题词: 化学电源 , 物理电源
电子资源:
ISBN: 978-7-118-05735-5
000 01040oam2 2200289 45
001 1050661125
005 20100420094808.31
010    @a978-7-118-05735-5@dCNY32.00
100    @a20100408d2008 ekmy0chiy0120 ea
101 0  @achi
102    @aCN@b110000
105    @aa z 000yy
106    @ar
200 1  @a化学与物理电源@AHua Xue Yu Wu Li Dian Yuan@e信息化武器装备的动力之源@EXin Xi Hua Wu Qi Zhuang Bei De Dong Li Zhi Yuan@f汪继强主编@FWang Ji Qiang Zhu Bian
205    @a2版
210    @a北京@c国防工业出版社@d2008
215    @a22,250页@c图@d26cm
225 2  @a现代电子信息技术丛书
330    @a本书全面介绍了化学电源、太阳电池、电源系统及温差电致冷组件的基础知识、结构、工作原理、性能特点、制造工艺及其应用。
461  0 @12001 @a现代电子信息技术丛书
517 1  @a信息化武器装备的动力之源@AXin Xi Hua Wu Qi Zhuang Bei De Dong Li Zhi Yuan
606 0  @a化学电源
606 0  @a物理电源
690    @aTM91@v4
701  0 @a汪继强@AWang Ji Qiang@4主编
801  0 @aCN@bTANGWEI@c20100420
905    @b0589213-17@dTM91@e112=2@f5
    
    化学与物理电源:信息化武器装备的动力之源/汪继强主编.-2版.-北京:国防工业出版社,2008
    22,250页:图;26cm.-(现代电子信息技术丛书)
    
    
    ISBN 978-7-118-05735-5:CNY32.00
    本书全面介绍了化学电源、太阳电池、电源系统及温差电致冷组件的基础知识、结构、工作原理、性能特点、制造工艺及其应用。
●
相关链接 在E读中查询图书 在五车中查询图书 在当当中查询图书 在豆瓣中查询图书


正题名:化学与物理电源     索取号:TM91/112=2         预约/预借

序号 登录号 条形码 馆藏地/架位号 状态 备注
1 0589213   205892131   第二样本阅览室/ [索取号:TM91/112=2] 在馆    
2 0589214   205892140   第三借阅区/ [索取号:TM91/112=2] 在馆    
3 0589215   205892159   第三借阅区/ [索取号:TM91/112=2] 在馆    
4 0589216   205892168   第三借阅区/ [索取号:TM91/112=2] 在馆    
5 0589217   205892177   第三借阅区/ [索取号:TM91/112=2] 在馆    
唐山师范学院图书馆 欢迎您!
大连网信软件有限公司© 版权所有